00607nam a22001817a 450000500170000001000150001702000260003203500140005803700130007208200110008510000270009624500890012326000530021227000860026530000330035170000240038470000170040820220519155737.0 aENG-132714 a9789389740806c450.00 aEN-116246 bDBAD/PUB a371.33 aIllam, Jayan Erancheri aInnovations in Education/cJayan Erancheri Illam, Saritha Namboodiri and Bhavya P.V. aNew DelhibNeelkamal Publications Pvt. Ltdc2021 a# 4764/1, 23, Ansari Road, DaryaganjbNew Delhie110002mneelkamalbooks@gmail.com axiv, 137p.bIndexc25cm(hbk) aNamboodiri, Saritha aP.V., Bhavya